Economic development

Αποθηκεύτηκε σε:
Λεπτομέρειες βιβλιογραφικής εγγραφής
Κύριος συγγραφέας: Villard, Henry H.
Μορφή: Βιβλίο
Γλώσσα:English
Δημοσίευση: New York : Holt, Rinehart and Winston , c1959
Θέματα:
Ετικέτες: Προσθήκη ετικέτας
Δεν υπάρχουν, Καταχωρήστε ετικέτα πρώτοι!

MARC

LEADER 00000nam a2200000 i 4500
001 1/66811
008 990118s1959 eng d
035 |l 10047368 
040 |a GR-MY-UA  |b gre  |e aacr 
041 0 |a eng 
082 0 |a 338.9 
100 1 |a Villard, Henry H. 
245 1 0 |a Economic development /  |c Henry H. Villard 
260 |a New York :   |b Holt, Rinehart and Winston ,   |c c1959 
300 |a xiv, 229 p. 
504 |a Includes index 
650 0 0 |a Economic development. 
852 |a INST  |b CHIOS  |e 19990118  |h 338.9 VIL  |p 005200015074  |q 005200015074  |t BK  |y 0 
901 |a BIBL-1999-1 
909 |a Χ  |b 055242 
922 |a 2ΔΩΡ  |b 199901  |d ΛΕΜΟΝΙΑ